00418nam a22001337a 4500999001900000003000500019038001200024082001800036245005200054260003900106300001700145942001200162952011000174 c522831d522831NUST aTanveer a891.4393bALI aMuhabbat ko Gawah Rakna /cMuhammad Mushtaq Ali aLahorebKhazeena Elamo Adabc2002. a448p.c25cm. 2ddccBK 00102ddc4070aCLbCLd2019-01-23l2m5o891.4393 ALIpNIT-8762r2024-06-03s2023-11-17w2019-01-23yBK